PERH Löfling y la expedición al Orinoco, 1754-1761 (Record no. 4863)
[ view plain ]
| 000 -LEADER | |
|---|---|
| campo de control de longitud fija | 00972nam a2200265 i 4500 |
| 001 - NÚMERO DE CONTROL | |
| campo de control | C00004936c |
| 005 - FECHA Y HORA DE LA ÚLTIMA TRANSACCIÓN | |
| campo de control | 20241029142557.0 |
| 008 - DATOS DE LONGITUD FIJA--INFORMACIÓN GENERAL | |
| campo de control de longitud fija | 940310s1990 sp c 0011 spa d |
| 020 ## - NÚMERO INTERNACIONAL ESTÁNDAR DEL LIBRO | |
| Número Internacional Estándar del Libro | 84-7506-320-9 |
| 080 ## - NÚMERO DE LA CLASIFICACIÓN DECIMAL UNIVERSAL | |
| Número de la Clasificación Decimal Universal | 910.4"17":58 Löfling, Pehr |
| 245 00 - MENCIÓN DEL TÍTULO | |
| Título | PERH Löfling y la expedición al Orinoco, 1754-1761 |
| Resto del título | : [exposicion] Pabellón Villanueva, Real Jardín Botánico, octubre-noviembre 1990. |
| 250 ## - MENCION DE EDICION | |
| Mención de edición | Ed. a cargo de Francisco Pelayo López. |
| 260 ## - PUBLICACIÓN, DISTRIBUCIÓN, ETC. | |
| Lugar de publicación, distribución, etc. | Madrid : |
| Nombre del editor, distribuidor, etc. | El Real Jardín : |
| -- | ; Quinto Centenario, |
| Fecha de publicación, distribución, etc. | D.L. 1990. |
| 300 ## - DESCRIPCIÓN FÍSICA | |
| Extensión | 190 p. : |
| Otras características físicas | il. col. ; |
| Dimensiones | 30 cm. |
| 490 0# - MENCIÓN DE SERIE | |
| Mención de serie | Encuentros. Serie catálogos |
| 500 ## - NOTA GENERAL | |
| Nota general | Bibliografía. |
| 600 14 - PUNTO DE ACCESO ADICIONAL DE MATERIA--NOMBRE DE PERSONA | |
| Nombre de persona | Löfling, Perh. |
| 9 (RLIN) | 1156 |
| 650 #4 - PUNTO DE ACCESO ADICIONAL DE MATERIA--TÉRMINO DE MATERIA | |
| Término de materia o nombre geográfico como elemento de entrada | Expediciones Cientificas- |
| Subdivisión cronológica | S. XVIII. |
| 9 (RLIN) | 79312 |
| 700 1# - ENTRADA AGREGADA--NOMBRE PERSONAL | |
| Nombre de persona | Pelayo Gómez, Francisco. |
| 9 (RLIN) | 2895 |
| 710 2# - ENTRADA AGREGADA--NOMBRE DE ENTIDAD CORPORATIVA | |
| Nombre de entidad corporativa o nombre de jurisdicción como elemento de entrada | Real Jardín Botánico. |
| 9 (RLIN) | 17740 |
| 710 2# - ENTRADA AGREGADA--NOMBRE DE ENTIDAD CORPORATIVA | |
| Nombre de entidad corporativa o nombre de jurisdicción como elemento de entrada | Sociedad Estatal Quinto Centenario (Madrid) |
| 9 (RLIN) | 6496 |
| 852 ## - LOCALIZACIÓN | |
| Número de control de estantería | E-2695 |
| Estatus retirado | Estado de pérdida | Fuente de la clasificación o esquema de estantería | Estado de daño | No para préstamo | Colección | Biblioteca de origen | Biblioteca actual | Ubicación en estantería | Fecha de adquisición | Total de préstamos | Signatura topográfica completa | Código de barras | Visto por última vez | Precio de reemplazo | Tipo de ítem Koha |
|---|---|---|---|---|---|---|---|---|---|---|---|---|---|---|---|
| Clasificación Decimal Dewey | Real Academia de la Bellas Artes de San Fernando | Real Academia de la Bellas Artes de San Fernando | Sala de lectura | 10/03/1994 | E-2695 | 1005364 | 15/10/2024 | 15/10/2024 | Fondo moderno |